[Event "La Pobla de Lillet op-B 31st"]
[Site "La Pobla de Lillet"]
[Date "2022.08.03"]
[Round "2"]
[White "Alegre Bosch, Blai"]
[Black "Botias Gil, Claudia"]
[Result "1-0"]
[WhiteElo "1619"]
[BlackElo "1329"]
[PlyCount "105"]
[EventDate "2022.08.02"]
[EventType "swiss"]
[EventRounds "9"]
[EventCountry "ESP"]
[SourceTitle "CBM 209 Extra"]
[Source "ChessBase"]
[SourceDate "2022.09.30"]
[SourceVersion "1"]
[SourceVersionDate "2022.09.30"]
[SourceQuality "1"]

1. e4 c5 2. Nc3 Nc6 3. f4 g6 4. Nf3 Bg7 5. Bb5 Nd4 6. 0-0 Nxb5 7. Nxb5 a6 8. Nc3 e6 9. d3 Ne7 10. Qe1 0-0 11. Be3 b6 12. e5 Nf5 13. Ne4 d5 14. exd6 Nxd6 15. Nxd6 Qxd6 16. Rb1 Bb7 17. b4 cxb4 18. Qxb4 Qxb4 19. Rxb4 b5 20. Bd4 Rfd8 21. Bxg7 Kxg7 22. a4 Bxf3 23. Rxf3 Rac8 24. axb5 axb5 25. Rf2 Rc5 26. Kf1 Rdc8 27. Rb2 Rc3 28. Ke1 Rd8 29. Rxb5 Ra3 30. Rb1 Ra2 31. Rd2 Rda8 32. Rc1 Rc8 33. c4 Rxd2 34. Kxd2 Kf6 35. c5 Kf5 36. Ke3 Rc6 37. d4 f6 38. h3 e5 39. d5 exf4+ 40. Kd4 Rc8 41. c6 g5 42. c7 h5 43. Rc6 g4 44. hxg4+ hxg4 45. d6 Ke6 46. Ke4 f3 47. gxf3 gxf3 48. Kxf3 Kd7 49. Rb6 Re8 50. Rb8 Rc8 51. Rxc8 Kxc8 52. Kf4 Kd7 53. Kf5 1-0

[Event "Foment Martinenc op-B 22nd"]
[Site "Barcelona"]
[Date "2022.06.18"]
[Round "9"]
[White "Jimenez Haneda, Naoki"]
[Black "Botias Gil, Claudia"]
[Result "0-1"]
[WhiteElo "1368"]
[BlackElo "1445"]
[PlyCount "92"]
[EventDate "2022.04.23"]
[EventType "swiss"]
[EventRounds "9"]
[EventCountry "ESP"]
[SourceTitle "EXT 2023"]
[Source "ChessBase"]
[SourceDate "2022.10.05"]
[SourceVersion "1"]
[SourceVersionDate "2022.10.05"]
[SourceQuality "1"]

1. e4 c5 2. Nf3 d6 3. d4 cxd4 4. Nxd4 Nf6 5. Nc3 g6 6. f4 Bg7 7. e5 dxe5 8. fxe5 Ng8 9. Bb5+ Bd7 10. e6 Bxb5 11. exf7+ Kxf7 12. Ndxb5 Qxd1+ 13. Nxd1 Nc6 14. 0-0+ Nf6 15. Ndc3 Rhd8 16. Ne4 a6 17. Nbc3 Kg8 18. Ng5 Nd4 19. Rf2 h6 20. Nf3 Ng4 21. Rd2 Nxf3+ 22. gxf3 Bd4+ 23. Kg2 Ne3+ 24. Kh1 Bxc3 25. bxc3 Rxd2 26. Bxd2 Nf5 27. Rb1 b5 28. Rb4 Rd8 29. Bf4 g5 30. Bc1 Rd1+ 31. Kg2 Rxc1 32. Rb2 Rxc2+ 33. Rxc2 Ne3+ 34. Kf2 Nxc2 35. Ke2 Na3 36. Kd3 Nc4 37. Kd4 e5+ 38. Ke4 Kf7 39. Kf5 Nd2 40. Kg4 Kg6 41. Kg3 Kf5 42. h3 e4 43. fxe4+ Nxe4+ 44. Kf3 Nxc3 45. a3 Nb1 46. Kg3 Nxa3 0-1

[Event "Foment Martinenc op-B 22nd"]
[Site "Barcelona"]
[Date "2022.04.30"]
[Round "2"]
[White "Botias Gil, Claudia"]
[Black "Safont Tria Sastre, Biel"]
[Result "0-1"]
[WhiteElo "1445"]
[BlackElo "1319"]
[PlyCount "125"]
[EventDate "2022.04.23"]
[EventType "swiss"]
[EventRounds "9"]
[EventCountry "ESP"]
[SourceTitle "EXT 2023"]
[Source "ChessBase"]
[SourceDate "2022.10.05"]
[SourceVersion "1"]
[SourceVersionDate "2022.10.05"]
[SourceQuality "1"]

1. e4 c5 2. Nf3 d6 3. d4 cxd4 4. Nxd4 Nf6 5. Nc3 a6 6. Bg5 e5 7. Nb3 Be7 8. Bxf6 Bxf6 9. Bc4 0-0 10. 0-0 Nc6 11. a3 b5 12. Bd5 Bb7 13. Qd3 Be7 14. Rad1 Qb6 15. Rfe1 b4 16. Nb1 a5 17. a4 Ba6 18. Qe3 Qxe3 19. Rxe3 Rac8 20. c3 Bg5 21. Ree1 Bd8 22. N1d2 Ne7 23. cxb4 axb4 24. Rc1 Bb6 25. Bc4 Bxc4 26. Nxc4 Bc5 27. Red1 Rfd8 28. Rd3 f5 29. exf5 Nxf5 30. Rd5 Ne7 31. Rd2 Nf5 32. Kf1 Nd4 33. Nba5 Rd7 34. Nb6 Rcc7 35. Nxd7 Rxd7 36. Rcd1 Ra7 37. Nc4 Rxa4 38. Rd3 Kf7 39. f4 Ke6 40. fxe5 dxe5 41. b3 Ra7 42. Re1 Rf7+ 43. Rf3 Nxf3 44. gxf3 Rxf3+ 45. Kg2 Rf5 46. Ra1 Kf6 47. Ra5 Bd4 48. Rb5 Bc3 49. Ne3 Rg5+ 50. Kf1 Kg6 51. Rb6+ Kh5 52. Ra6 Rg6 53. Ra5 Re6 54. Kg2 g5 55. h3 Kg6 56. Kf3 h5 57. Ke4 Rd6 58. Ra8 Rd4+ 59. Kf3 Rf4+ 60. Kg2 Kg7 61. Ra7+ Rf7 62. Ra5 Bd4 63. Rb5 0-1

[Event "Foment Martinenc op-C 20th"]
[Site "Barcelona"]
[Date "2018.04.28"]
[Round "2"]
[White "Negre Pipla, Josep"]
[Black "Botias Gil, Claudia"]
[Result "1/2-1/2"]
[WhiteElo "1752"]
[BlackElo "1672"]
[PlyCount "60"]
[EventDate "2018.04.21"]
[EventType "swiss"]
[EventRounds "9"]
[EventCountry "ESP"]
[SourceTitle "CBM 184 Extra"]
[Source "ChessBase"]
[SourceDate "2018.06.28"]
[SourceVersion "1"]
[SourceVersionDate "2018.06.28"]
[SourceQuality "1"]

1. e4 d5 2. exd5 Qxd5 3. Nc3 Qd6 4. Nf3 Nf6 5. d4 Nc6 6. Be2 Bg4 7. Nb5 Qd7 8. Be3 0-0-0 9. c4 a6 10. Nc3 Bxf3 11. Bxf3 Nxd4 12. 0-0 Nxf3+ 13. Qxf3 Qg4 14. Qxg4+ Nxg4 15. Bf4 Rd4 16. Bg3 Rxc4 17. Rac1 e6 18. b3 Rc6 19. Na4 Rxc1 20. Rxc1 c6 21. Nb6+ Kd8 22. Rd1+ Ke8 23. Rd7 Bc5 24. Rxb7 Bxb6 25. Rxb6 Ke7 26. Rxc6 Rd8 27. Rc1 Rd2 28. h3 Nf6 29. a4 Rb2 30. Rc7+ Kd8 1/2-1/2